000 00908cam a22003017a 4500
003 CHAP
005 20220329133450.0
008 971013s1984 r 00010 d
010 _a6681
011 _a7653
035 _a6877
040 _cCHAP
090 _aFolleto 14012
100 0 0 _aAcheampong, E.
_9549
245 1 2 _aA world survey of sorghum and millets germplasm
260 _aRome :
_bInternational Board for Plant Genetic Resources,
_c1984
300 _a41 p.
_b: ilus.
590 _aBATCH-UPD
_b10
_c20130110
_lUCH01
_h0218
590 _aBATCH-UPD
_b10
_c20130110
_lUCH01
_h2125
590 _aCONVERSION
_b10
_c20130109
_lUCH01
_h1305
650 1 4 _aMijo
_xGermoplasma.
_975650
650 1 4 _aSorgo
_xGermoplasma.
_9108676
700 0 _aMurthi Anishetty, N.
_979845
700 0 _aWilliams, J. T.
_9122067
901 _aBK
942 _cFOLL
949 _aFolleto 14012
_bBC
_cFOLL
_d-16534
_eTS1
_i6877
_si
999 _c6681
_d6681